Management Ideas in Actin (Record no. 347208)
[ view plain ]
| 000 -LEADER | |
|---|---|
| fixed length control field | 00399 a2200157 4500 |
| 020 ## - INTERNATIONAL STANDARD BOOK NUMBER | |
| International Standard Book Number | 8186773116 |
| 024 ## - OTHER STANDARD IDENTIFIER | |
| Standard number or code | 978816773116 |
| 082 ## - DEWEY DECIMAL CLASSIFICATION NUMBER | |
| Classification number | 658 |
| 090 ## - LOCALLY ASSIGNED LC-TYPE CALL NUMBER (OCLC); LOCAL CALL NUMBER (RLIN) | |
| -- | 4777 |
| -- | 4777 |
| 100 ## - MAIN ENTRY--PERSONAL NAME | |
| Personal name | Batra, Promod. |
| 245 ## - TITLE STATEMENT | |
| Title | Management Ideas in Actin |
| Remainder of title | Promod Batra, Deepak Mahendru |
| 260 ## - PUBLICATION, DISTRIBUTION, ETC. | |
| Place of publication, distribution, etc. | New Delhi, India |
| Name of publisher, distributor, etc. | USB Publishers |
| Date of publication, distribution, etc. | 1997 |
| 300 ## - PHYSICAL DESCRIPTION | |
| Extent | 492 |
| 500 ## - GENERAL NOTE | |
| General note | papercover |
| 942 ## - ADDED ENTRY ELEMENTS (KOHA) | |
| Institution code [OBSOLETE] | NBS |
| Koha item type | Book |
| Call number prefix | 658 BAT |
| Withdrawn status | Lost status | Damaged status | Not for loan | Permanent Location | Current Location | Date acquired | Total Checkouts | Full call number | Barcode | Date last seen | Price effective from | Koha item type |
|---|---|---|---|---|---|---|---|---|---|---|---|---|
| Central Library (CL) | Central Library (CL) | 08/28/2013 | 658 BAT | NBS1949 | 08/28/2013 | 08/28/2013 | Book |
